Razones de identidad : pluralismo cultural e integración política /
Libro que postula una revisión de los contextos sociales desde los que resulta posible interpretar la discusión sobre el significado político del pluralismo cultural. Para ello, comienza por ubicar sociológicamente los discursos de la identidad, concebidos en esta obra como un tipo específico de len...
Сохранить в:
| Главный автор: | |
|---|---|
| Формат: | |
| Язык: | испанский |
| Опубликовано: |
Barcelona, España :
Anthropos,
1998, c1998
|
| Серии: | (Autores, Textos y Temas. Ciencias Sociales ;
20) |
| Предметы: | |
| Метки: |
Нет меток, Требуется 1-ая метка записи!
|
MARC
| LEADER | 00000nam^a2200000^a^4500 | ||
|---|---|---|---|
| 001 | 000175750 | ||
| 005 | 20250521000000.0 | ||
| 009 | 20260310101616.041 | ||
| 020 | |a 84-7658-548-9 | ||
| 037 | |a Acervo ITESO - Biblioteca | ||
| 041 | |a ESP | ||
| 082 | |a 306. 2 |b COL | ||
| 100 | |a Colom González, Francisco |e (autor) | ||
| 245 | 1 | 0 | |a Razones de identidad : |b pluralismo cultural e integración política / |c F. Colom González |
| 264 | 4 | |a Barcelona, España : |b Anthropos, |c 1998, c1998 | |
| 300 | |a 316 p. | ||
| 336 | |a texto |b txt |2 rdacontenido | ||
| 337 | |a sin mediación |b n |2 rdamedio | ||
| 338 | |a volumen |b nc |2 rdasoporte | ||
| 440 | 1 | |a (Autores, Textos y Temas. |p Ciencias Sociales ; |v 20) | |
| 520 | |a Libro que postula una revisión de los contextos sociales desde los que resulta posible interpretar la discusión sobre el significado político del pluralismo cultural. Para ello, comienza por ubicar sociológicamente los discursos de la identidad, concebidos en esta obra como un tipo específico de lenguaje político que coincide en denunciar la incapacidad para satisfacer las necesidades de reconocimiento de los grupos minoritarios por sus rasgos diferentes. | ||
| 649 | |a XX | ||
| 650 | |a Diversidad Cultural - |x Aspectos Políticos | ||
| 650 | |a Identidad Cultural - |x Aspectos Políticos | ||
| 650 | |a Pluralismo | ||
| 650 | |a Discurso Político | ||
| 650 | |a Sociología Política | ||
| 650 | |a Sociología | ||
| 910 | |a Fondo General | ||
| 920 | |a Impresos - Libros | ||
| 930 | |a Colección General | ||
| 905 | |a 101 | ||
| 901 | |a 0500113810 |b IT1 |c ACC |u 20250521 | ||
| 902 | |a https://opac.biblio.iteso.mx/vufind/Record/000175750 | ||